| Tag |
First Indicator |
Second Indicator |
Subfields |
| LEADER |
00000cam a2200000 a 4500 |
| 001 |
in00000586331 |
| 005 |
20151014083958.0 |
| 008 |
870925q19601969enk 00011 eng d |
| 035 |
|
|
|a (OCoLC)16751021
|
| 035 |
|
|
|9 ACQ3736AM
|
| 040 |
|
|
|a TXA
|c TXA
|d UtOrBLW
|
| 049 |
|
|
|a TXAS
|c [A09884814]
|
| 090 |
|
|
|a PR6070.O686
|b F6 1960z
|
| 100 |
1 |
|
|a Torro, Pel,
|d 1935-
|
| 245 |
1 |
0 |
|a Force 97 X /
|c by Pel Torro.
|
| 264 |
|
1 |
|a London :
|b John Spencer & Co.,
|c [between 1960 and 1969?]
|
| 300 |
|
|
|a 158 unnumbered pages ;
|c 18 cm.
|
| 336 |
|
|
|a text
|b txt
|2 rdacontent
|
| 337 |
|
|
|a unmediated
|b n
|2 rdamedia
|
| 338 |
|
|
|a volume
|b nc
|2 rdacarrier
|
| 500 |
|
|
|a Cover title : Force 97X.
|
| 740 |
0 |
|
|a Force 97X.
|
| 999 |
|
|
|a MARS
|
| 999 |
f |
f |
|s 5c6dee93-c8ea-341a-b206-3fb3641cd67f
|i 1f182626-b0b6-3761-9c77-416748cffdff
|t 0
|
| 952 |
f |
f |
|p noncirc
|a Texas A&M University
|b College Station
|c Cushing Memorial Library & Archives
|d Cushing: Science Fiction (Does not check out)
|t 0
|e PR6070.O686 F6 1960z
|h Library of Congress classification
|i unmediated -- volume
|m A14809884814
|
| 998 |
f |
f |
|a PR6070.O686 F6 1960z
|t 0
|l Cushing: Science Fiction (Does not check out)
|